[Event "Titled Tuesday intern op 12th Mar Late"]
[Site "Chess.com INT"]
[Date "2024.03.12"]
[Round "2"]
[White "Kabanov, Nikolai"]
[Black "Harish, Neeraj"]
[Result "1-0"]
[WhiteElo "2434"]
[BlackElo "2090"]
[PlyCount "127"]
[EventDate "2024.03.12"]
[EventType "swiss (blitz)"]
[EventRounds "11"]
[EventCountry "USA"]
[SourceTitle "CBM 219 Extra"]
[Source "ChessBase"]
[SourceDate "2024.05.31"]
[SourceVersion "1"]
[SourceVersionDate "2024.05.31"]
[SourceQuality "1"]

1. e4 c5 2. a3 g6 3. h4 Bg7 4. h5 Nc6 5. Nc3 e6 6. Bc4 Nge7 7. d3 d5 8. Ba2 b6 9. Nf3 Bb7 10. Qe2 d4 11. Nd1 Qd7 12. h6 Bf8 13. Bg5 0-0-0 14. Bf6 Rg8 15. Ng5 Re8 16. f4 Nd5 17. Bxd5 exd5 18. e5 Be7 19. Nxh7 Qe6 20. Bxe7 Rxe7 21. Ng5 Qf5 22. h7 Rh8 23. 0-0 Qd7 24. Qf3 f5 25. exf6 Ree8 26. f7 Ref8 27. Nf2 Nd8 28. Qg4 Nxf7 29. Qxd7+ Kxd7 30. Ng4 Nxg5 31. fxg5 Rxf1+ 32. Rxf1 Ke6 33. Nf6 Bc6 34. g4 c4 35. Kg2 cxd3 36. cxd3 Bb5 37. Rf3 Kf7 38. Nxd5+ Kg7 39. Nf6 Bc6 40. Kg3 Bxf3 41. Kxf3 Rc8 42. Ke4 Rc2 43. b4 Ra2 44. Kxd4 Rxa3 45. Kc4 Ra4 46. Kb5 Ra3 47. d4 Rd3 48. Kc4 Rg3 49. d5 a5 50. bxa5 bxa5 51. Kb5 Rd3 52. Kxa5 Rxd5+ 53. Nxd5 Kxh7 54. Nf4 Kg7 55. Kb5 Kf7 56. Kc5 Kg7 57. Kd6 Kf7 58. Ke5 Kg7 59. Ke6 Kg8 60. Kf6 Kh7 61. Nxg6 Kg8 62. Ne7+ Kh7 63. g6+ Kh6 64. g7 1-0

[Event "Titled Tuesday intern op 05th Mar Early"]
[Site "Chess.com INT"]
[Date "2024.03.05"]
[Round "2"]
[White "Kabanov, Nikolai"]
[Black "Kushko, Dmitriy"]
[Result "0-1"]
[WhiteElo "2434"]
[BlackElo "2445"]
[PlyCount "52"]
[EventDate "2024.03.05"]
[EventType "swiss (blitz)"]
[EventRounds "11"]
[EventCountry "USA"]
[SourceTitle "EXT 2025"]
[Source "ChessBase"]
[SourceDate "2024.10.14"]
[SourceVersion "1"]
[SourceVersionDate "2024.10.14"]
[SourceQuality "1"]

1. e4 g6 2. d4 Bg7 3. h4 h6 4. Bc4 c5 5. d5 b5 6. Be2 Bb7 7. a4 a6 8. axb5 axb5 9. Rxa8 Bxa8 10. Na3 Nf6 11. f3 b4 12. Nc4 0-0 13. Nh3 e6 14. d6 Nh5 15. Nf2 Ng3 16. Rh3 Nxe2 17. Qxe2 Nc6 18. Be3 Nd4 19. Qd2 f5 20. c3 bxc3 21. bxc3 Nb5 22. e5 Bd5 23. Qd3 Qa8 24. Nd1 Rb8 25. Rg3 Kh7 26. Bxc5 Qc6 0-1

[Event "Titled Tuesday intern op 05th Mar Early"]
[Site "Chess.com INT"]
[Date "2024.03.05"]
[Round "6"]
[White "Kabanov, Nikolai"]
[Black "Tarnowska, Aleksandra"]
[Result "1-0"]
[WhiteElo "2434"]
[BlackElo "1876"]
[PlyCount "121"]
[EventDate "2024.03.05"]
[EventType "swiss (blitz)"]
[EventRounds "11"]
[EventCountry "USA"]
[SourceTitle "EXT 2025"]
[Source "ChessBase"]
[SourceDate "2024.10.14"]
[SourceVersion "1"]
[SourceVersionDate "2024.10.14"]
[SourceQuality "1"]

1. e4 c5 2. a3 d5 3. exd5 Qxd5 4. Nc3 Qd8 5. Nf3 Nf6 6. d4 e6 7. Be3 cxd4 8. Qxd4 Qxd4 9. Nxd4 Be7 10. Ndb5 Na6 11. Bxa7 Bd7 12. Be3 0-0 13. Be2 Bc6 14. 0-0 Bc5 15. Bxc5 Nxc5 16. f3 h6 17. Rfd1 Rfd8 18. Kf2 Nh5 19. Rxd8+ Rxd8 20. Rd1 Rxd1 21. Bxd1 Nf4 22. Nd4 Bd7 23. g3 Ng6 24. b4 Na4 25. Nxa4 Bxa4 26. Ke2 Ne5 27. c3 Bd7 28. Bb3 Kf8 29. a4 Ke7 30. a5 Kd6 31. c4 Nc6 32. Nxc6 Bxc6 33. Ke3 e5 34. c5+ Ke7 35. Bc4 f5 36. f4 e4 37. b5 Bd7 38. c6 bxc6 39. b6 Bc8 40. a6 Kd7 41. b7 Bxb7 42. axb7 Kc7 43. Be6 g6 44. Bf7 g5 45. Be6 gxf4+ 46. gxf4 Kxb7 47. Bxf5 Kc7 48. Bxe4 Kd6 49. Kd4 c5+ 50. Kc4 h5 51. h4 Ke6 52. Kxc5 Kf6 53. Kd6 Kg7 54. Ke6 Kh6 55. f5 Kg7 56. f6+ Kh6 57. Bf3 Kg6 58. f7 Kg7 59. Ke7 Kh7 60. f8Q Kg6 61. Be4# 1-0

[Event "Titled Tuesday intern op 27th Feb Early"]
[Site "Chess.com INT"]
[Date "2024.02.27"]
[Round "11"]
[White "Ambartsumova, Karina"]
[Black "Kabanov, Nikolai"]
[Result "0-1"]
[WhiteElo "2418"]
[BlackElo "2434"]
[PlyCount "72"]
[EventDate "2024.02.27"]
[EventType "swiss (blitz)"]
[EventRounds "11"]
[EventCountry "USA"]
[SourceTitle "EXT 2025"]
[Source "ChessBase"]
[SourceDate "2024.10.14"]
[SourceVersion "1"]
[SourceVersionDate "2024.10.14"]
[SourceQuality "1"]

1. d4 Nf6 2. c4 Nc6 3. Nc3 e5 4. dxe5 Nxe5 5. e4 Bb4 6. f4 Ng6 7. e5 Ne4 8. Qf3 d5 9. Nge2 Bf5 10. Be3 Nh4 11. Qh5 g6 12. Qh6 Bf8 13. Qxh4 Qxh4+ 14. g3 Qd8 15. cxd5 Bb4 16. 0-0-0 Nxc3 17. Nxc3 Bxc3 18. bxc3 0-0 19. Bc4 Qe7 20. Kb2 Rfd8 21. Rhe1 b5 22. Bb3 a5 23. a3 b4 24. cxb4 axb4 25. a4 Qd7 26. Bc5 Rxa4 27. e6 Qb5 28. exf7+ Kxf7 29. d6+ Kg7 30. Re7+ Kh6 31. Bd4 cxd6 32. h3 Ra3 33. Bg7+ Kh5 34. g4+ Kh4 35. Bf6+ Kg3 36. Re3+ Kxf4 0-1

[Event "Titled Tuesday intern op 27th Feb Early"]
[Site "Chess.com INT"]
[Date "2024.02.27"]
[Round "10"]
[White "Jaiveer, Mahendru"]
[Black "Kabanov, Nikolai"]
[Result "0-1"]
[WhiteElo "2294"]
[BlackElo "2434"]
[PlyCount "174"]
[EventDate "2024.02.27"]
[EventType "swiss (blitz)"]
[EventRounds "11"]
[EventCountry "USA"]
[SourceTitle "EXT 2025"]
[Source "ChessBase"]
[SourceDate "2024.10.14"]
[SourceVersion "1"]
[SourceVersionDate "2024.10.14"]
[SourceQuality "1"]

1. f4 c5 2. Nf3 Nc6 3. g3 d5 4. Bg2 g6 5. 0-0 Bg7 6. d3 Nh6 7. e4 dxe4 8. dxe4 Qxd1 9. Rxd1 Nd4 10. Nxd4 Bxd4+ 11. Kf1 Ng4 12. h3 Ne3+ 13. Bxe3 Bxe3 14. Na3 Bd7 15. e5 g5 16. fxg5 Bxg5 17. Bxb7 Rb8 18. Bd5 Bxh3+ 19. Kf2 0-0 20. Nc4 Bf5 21. c3 e6 22. Bf3 Rfd8 23. b3 Rxd1 24. Rxd1 Rd8 25. Nd6 Bg6 26. Ke2 Be7 27. b4 cxb4 28. cxb4 f6 29. Bg4 fxe5 30. Bxe6+ Kg7 31. Nb5 Rxd1 32. Kxd1 Bxb4 33. Nxa7 Bc5 34. Nc6 Kf6 35. Bd5 e4 36. a4 e3 37. a5 Bd3 38. Bf3 Bb5 39. Nd8 Bb4 40. Nb7 Ba6 41. Nd8 Bxa5 42. Nc6 Bc3 43. Kc2 Be1 44. Kd1 Bxg3 45. Nd4 Be5 46. Ne2 Bb5 47. Ke1 Kg5 48. Kf1 h5 49. Kg2 h4 50. Ng1 Bd7 51. Nh3+ Kf6 52. Ng1 Bb5 53. Ne2 Bc4 54. Bg4 Bd5+ 55. Kg1 Kg5 56. Bh3 Bg3 57. Kf1 Bf2 58. Nc3 Bf3 59. Ne2 Bg4 60. Bg2 h3 61. Bh1 h2 62. Nc3 Bh3+ 63. Ke2 Kg4 64. Ne4 Bh4 65. Kxe3 Bg5+ 66. Ke2 Bf4 67. Nf2+ Kh4 68. Kf3 Bg3 69. Ne4 Bc7 70. Ke3 Bg4 71. Kf2 Bf5 72. Nd2 Bb6+ 73. Kf1 Bc7 74. Nf3+ Kg3 75. Ne1 Bh3+ 76. Ke2 Ba5 77. Nd3 Bg2 78. Nf2 Bxh1 79. Nxh1+ Kg2 80. Nf2 Bb6 81. Nh1 Kxh1 82. Kf1 Bc7 83. Kf2 Bb6+ 84. Kf1 Ba7 85. Ke2 Kg1 86. Kd3 h1Q 87. Kc4 Qc6+ 0-1

[Event "Titled Tuesday intern op 13th Feb Early"]
[Site "Chess.com INT"]
[Date "2024.02.13"]
[Round "10"]
[White "Doshi, Moksh Amitbhai"]
[Black "Kabanov, Nikolai"]
[Result "1-0"]
[WhiteElo "2353"]
[BlackElo "2434"]
[PlyCount "67"]
[EventDate "2024.02.13"]
[EventType "swiss (blitz)"]
[EventRounds "11"]
[EventCountry "USA"]
[SourceTitle "CBM 218 Extra"]
[Source "ChessBase"]
[SourceDate "2024.03.31"]
[SourceVersion "1"]
[SourceVersionDate "2024.03.31"]
[SourceQuality "1"]

1. c4 g6 2. Nc3 Bg7 3. d4 d6 4. Nf3 e5 5. e4 Nc6 6. Be3 Bg4 7. dxe5 Nxe5 8. Be2 Bxf3 9. gxf3 Nf6 10. Qb3 0-0 11. 0-0 Qd7 12. Kh1 Qh3 13. Qd1 Qh4 14. Rg1 Bh6 15. Qd2 Bxe3 16. fxe3 Rfe8 17. f4 Neg4 18. Bf3 Nf2+ 19. Kg2 N2xe4 20. Nxe4 Nxe4 21. Qe1 Qf6 22. Qe2 Nc5 23. Kh1 a5 24. b3 Re7 25. Rae1 Rae8 26. Qd2 b6 27. Bc6 Rd8 28. e4 d5 29. exd5 Ne4 30. Qg2 Qxf4 31. Rgf1 Qh4 32. Qf3 Rde8 33. Bxe8 Rxe8 34. Qxf7+ 1-0

[Event "Titled Tuesday intern op 13th Feb Early"]
[Site "Chess.com INT"]
[Date "2024.02.13"]
[Round "3"]
[White "Kabanov, Nikolai"]
[Black "Koshulyan, Egor A"]
[Result "1-0"]
[WhiteElo "2434"]
[BlackElo "2136"]
[PlyCount "147"]
[EventDate "2024.02.13"]
[EventType "swiss (blitz)"]
[EventRounds "11"]
[EventCountry "USA"]
[SourceTitle "CBM 218 Extra"]
[Source "ChessBase"]
[SourceDate "2024.03.31"]
[SourceVersion "1"]
[SourceVersionDate "2024.03.31"]
[SourceQuality "1"]

1. e4 c5 2. Nf3 Nc6 3. Bb5 g5 4. Nxg5 Nf6 5. Nc3 Rg8 6. d3 h6 7. Nh3 Rxg2 8. Nf4 Rg8 9. Be3 Nd4 10. Bc4 d6 11. Bxd4 cxd4 12. Nce2 Bg4 13. Qd2 Bf3 14. Rg1 Rg5 15. Rg3 Rxg3 16. hxg3 h5 17. Bb5+ Nd7 18. Nxd4 Bg4 19. f3 Qb6 20. Qb4 Be6 21. Nfxe6 fxe6 22. Qa4 0-0-0 23. 0-0-0 Nc5 24. Qc4 d5 25. Qc3 Kb8 26. b4 Na6 27. Bxa6 Qxa6 28. Qb3 Bg7 29. Ne2 Qb6 30. d4 Rc8 31. e5 Rc4 32. c3 a5 33. a3 Qb5 34. Kb2 a4 35. Qc2 Rc7 36. Qd3 Qc6 37. Nf4 Bf8 38. Nxh5 Rc8 39. g4 Bh6 40. f4 Bf8 41. g5 Qe8 42. g6 Bh6 43. Rg1 Qf8 44. g7 Qf7 45. Qg6 Qxg6 46. Rxg6 Bxg7 47. Rxg7 Rf8 48. Rxe7 Rf5 49. Ng7 Rxf4 50. Nxe6 Rf2+ 51. Kc1 Rf1+ 52. Kd2 Rf2+ 53. Ke3 Ra2 54. Nc5 Rxa3 55. Kd3 Ra1 56. e6 a3 57. Rd7 a2 58. Nb3 Re1 59. e7 Ka7 60. Kd2 Re6 61. Kc2 Re2+ 62. Kc1 Kb6 63. Kd1 Re6 64. Rd6+ Rxd6 65. e8Q Rc6 66. Qd8+ Ka7 67. Qxd5 Rxc3 68. Qa5+ Kb8 69. Qxa2 Rd3+ 70. Kc2 Rh3 71. Nd2 Rh2 72. Qd5 Ka7 73. Qc5+ Kb8 74. Qd6+ 1-0

[Event "Titled Tuesday intern op 06th Feb Early"]
[Site "Chess.com INT"]
[Date "2024.02.06"]
[Round "11"]
[White "Hajiyev, Kanan"]
[Black "Kabanov, Nikolai"]
[Result "0-1"]
[WhiteElo "2081"]
[BlackElo "2434"]
[PlyCount "118"]
[EventDate "2024.02.06"]
[EventType "swiss (blitz)"]
[EventRounds "11"]
[EventCountry "USA"]
[SourceTitle "CBM 218 Extra"]
[Source "ChessBase"]
[SourceDate "2024.03.31"]
[SourceVersion "1"]
[SourceVersionDate "2024.03.31"]
[SourceQuality "1"]

1. d4 d6 2. Nf3 Nf6 3. g3 Nbd7 4. Bg2 e5 5. 0-0 e4 6. Ne1 d5 7. f3 exf3 8. Nxf3 Be7 9. c4 c6 10. Nc3 dxc4 11. e4 0-0 12. a4 a5 13. Qe2 Nb6 14. Bg5 Be6 15. Rad1 h6 16. Bf4 Qc8 17. Ne5 Re8 18. Be3 Qc7 19. Bf4 Bd6 20. Bxh6 Bxe5 21. dxe5 Ng4 22. Bf4 Nxe5 23. h3 f6 24. Qh5 Qf7 25. Qxf7+ Bxf7 26. Be3 Nbd7 27. Rd6 Reb8 28. Rfd1 b5 29. Rxd7 Nxd7 30. Rxd7 b4 31. Ne2 c3 32. Bc1 cxb2 33. Bxb2 Rd8 34. Rxd8+ Rxd8 35. Bd4 Bb3 36. Bb6 Rd2 37. Kf2 Bc4 38. Bf3 b3 39. Bxa5 b2 40. Bxd2 b1Q 41. a5 Bxe2 42. Kxe2 Qb5+ 43. Kf2 c5 44. Be2 c4 45. Ke3 Qb3+ 46. Kd4 Qb2+ 47. Ke3 c3 48. Bc4+ Kh8 49. Bxc3 Qxc3+ 50. Bd3 Qxa5 51. Be2 Qc5+ 52. Kf4 Qe5+ 53. Kf3 g5 54. h4 g4+ 55. Ke3 Qxg3+ 56. Kd4 Qxh4 57. Ke3 Qg3+ 58. Kd2 Qf4+ 59. Kd3 g3 0-1

[Event "Titled Tuesday intern op 06th Feb Early"]
[Site "Chess.com INT"]
[Date "2024.02.06"]
[Round "9"]
[White "Novik, Maxim"]
[Black "Kabanov, Nikolai"]
[Result "1-0"]
[WhiteElo "2408"]
[BlackElo "2434"]
[PlyCount "53"]
[EventDate "2024.02.06"]
[EventType "swiss (blitz)"]
[EventRounds "11"]
[EventCountry "USA"]
[SourceTitle "CBM 218 Extra"]
[Source "ChessBase"]
[SourceDate "2024.03.31"]
[SourceVersion "1"]
[SourceVersionDate "2024.03.31"]
[SourceQuality "1"]

1. e4 d6 2. d4 Nf6 3. Nc3 e5 4. Nf3 Nbd7 5. Bc4 Be7 6. 0-0 0-0 7. Re1 exd4 8. Nxd4 Nb6 9. Bf1 c5 10. Nde2 d5 11. exd5 Nbxd5 12. Nxd5 Nxd5 13. c3 Be6 14. g3 Qb6 15. Bg2 Rfd8 16. Qc2 Rd7 17. Nf4 Nxf4 18. Bxf4 Rad8 19. h4 h6 20. Be4 Bf6 21. Qe2 Bd5 22. Bc2 Qe6 23. Qd3 g5 24. Qh7+ Kf8 25. Rxe6 Bxe6 26. Qxh6+ Bg7 27. Qxg5 1-0

[Event "Titled Tuesday intern op 30th Jan Early"]
[Site "Chess.com INT"]
[Date "2024.01.30"]
[Round "4"]
[White "Bazakutsa, Svyatoslav"]
[Black "Kabanov, Nikolai"]
[Result "1-0"]
[WhiteElo "2456"]
[BlackElo "2434"]
[PlyCount "71"]
[EventDate "2024.01.30"]
[EventType "swiss (blitz)"]
[EventRounds "11"]
[EventCountry "USA"]
[SourceTitle "EXT 2025"]
[Source "ChessBase"]
[SourceDate "2024.10.14"]
[SourceVersion "1"]
[SourceVersionDate "2024.10.14"]
[SourceQuality "1"]

1. c4 e5 2. g3 Nf6 3. Bg2 Bc5 4. Nc3 0-0 5. Nf3 d6 6. 0-0 Nc6 7. e3 a6 8. h3 Bf5 9. d4 Ba7 10. a3 Qc8 11. Kh2 Re8 12. b4 Ne4 13. Bb2 Nxc3 14. Bxc3 exd4 15. exd4 Be4 16. d5 Bxf3 17. Qxf3 Ne5 18. Qf4 Qd7 19. Rae1 f6 20. Be4 Ng6 21. Qf3 Ne5 22. Qh5 g6 23. Qh4 f5 24. Bg2 Qf7 25. c5 a5 26. f4 Nd7 27. c6 Nb6 28. cxb7 Rab8 29. Rxe8+ Rxe8 30. bxa5 Nc4 31. Re1 Rxe1 32. Bxe1 Qe8 33. g4 Qe3 34. Bf2 Qxf4+ 35. Qg3 Qxg3+ 36. Kxg3 1-0

[Event "Titled Tuesday intern op 23rd Jan Early"]
[Site "Chess.com INT"]
[Date "2024.01.23"]
[Round "4"]
[White "Kabanov, Nikolai"]
[Black "Smietanska, Wiktoria"]
[Result "1-0"]
[WhiteElo "2434"]
[BlackElo "1957"]
[PlyCount "69"]
[EventDate "2024.01.23"]
[EventType "swiss (blitz)"]
[EventRounds "11"]
[EventCountry "USA"]
[SourceTitle "EXT 2025"]
[Source "ChessBase"]
[SourceDate "2024.10.14"]
[SourceVersion "1"]
[SourceVersionDate "2024.10.14"]
[SourceQuality "1"]

1. e4 c5 2. Nf3 d6 3. Bb5+ Nd7 4. a4 Ngf6 5. Nc3 g6 6. 0-0 Bg7 7. a5 a6 8. Bc4 0-0 9. d3 Ng4 10. Bb3 Nge5 11. Nd2 Nc6 12. Nc4 Nde5 13. Nxe5 Bxe5 14. Bh6 Bg7 15. Bxg7 Kxg7 16. f4 Nxa5 17. Ba2 Nc6 18. f5 b5 19. Nd5 Ne5 20. Qe1 f6 21. h4 e6 22. Ne3 Re8 23. Qg3 exf5 24. exf5 Bb7 25. Bd5 Qe7 26. Rae1 Bxd5 27. Nxd5 Qf7 28. Nf4 Kh8 29. fxg6 hxg6 30. h5 g5 31. Nh3 Qxh5 32. Rxf6 Rg8 33. Rxd6 Ng4 34. Re4 Nh6 35. Ree6 1-0

[Event "Titled Tuesday intern op 23rd Jan Early"]
[Site "Chess.com INT"]
[Date "2024.01.23"]
[Round "9"]
[White "Lesbekova, Asel"]
[Black "Kabanov, Nikolai"]
[Result "0-1"]
[WhiteElo "1805"]
[BlackElo "2434"]
[PlyCount "120"]
[EventDate "2024.01.23"]
[EventType "swiss (blitz)"]
[EventRounds "11"]
[EventCountry "USA"]
[SourceTitle "EXT 2025"]
[Source "ChessBase"]
[SourceDate "2024.10.14"]
[SourceVersion "1"]
[SourceVersionDate "2024.10.14"]
[SourceQuality "1"]

1. e4 e6 2. d4 d5 3. Bd3 dxe4 4. Bxe4 Nf6 5. Bf3 c5 6. Ne2 Nc6 7. Be3 e5 8. Bxc6+ bxc6 9. dxe5 Qxd1+ 10. Kxd1 Ng4 11. Nbc3 Ba6 12. Re1 0-0-0+ 13. Kc1 Nxe5 14. Ne4 Ng4 15. Bxc5 f5 16. Bxf8 Rhxf8 17. Nc5 Bxe2 18. Rxe2 Rfe8 19. Rxe8 Rxe8 20. Kd2 Nxf2 21. Rf1 Re5 22. Rxf2 Rxc5 23. Rf4 Kd7 24. Ra4 a5 25. c3 Kd6 26. Ke3 g5 27. h4 h6 28. hxg5 hxg5 29. Kf3 Rd5 30. Ke3 Ke5 31. g3 Rb5 32. b4 axb4 33. cxb4 c5 34. a3 cxb4 35. axb4 Rb8 36. Ra5+ Kf6 37. Ra6+ Kf7 38. Ra7+ Kg6 39. Ra4 Kh5 40. Kf3 Rc8 41. Ra3 Rc2 42. Rb3 g4+ 43. Kf4 Rf2+ 44. Ke5 Rf3 45. Rb1 Kg5 46. b5 Rxg3 47. b6 Re3+ 48. Kd6 Re8 49. Kd7 Rh8 50. b7 g3 51. Kc7 f4 52. Rd1 g2 53. Rd8 Rxd8 54. Kxd8 g1Q 55. b8Q Qd4+ 56. Ke7 Qe4+ 57. Kd7 f3 58. Qg8+ Kf4 59. Qb8+ Ke3 60. Qb2 Qd4+ 0-1

[Event "Titled Tuesday intern op 16th Jan Early"]
[Site "Chess.com INT"]
[Date "2024.01.16"]
[Round "3"]
[White "Kabanov, Nikolai"]
[Black "Ovetchkin, Roman"]
[Result "0-1"]
[WhiteElo "2434"]
[BlackElo "2518"]
[PlyCount "58"]
[EventDate "2024.01.16"]
[EventType "swiss (blitz)"]
[EventRounds "11"]
[EventCountry "USA"]
[SourceTitle "CBM 218 Extra"]
[Source "ChessBase"]
[SourceDate "2024.03.31"]
[SourceVersion "1"]
[SourceVersionDate "2024.03.31"]
[SourceQuality "1"]

1. e4 Nc6 2. Nf3 d5 3. exd5 Qxd5 4. Nc3 Qh5 5. Bb5 Bg4 6. d3 e6 7. Bf4 Bd6 8. Bxd6 cxd6 9. d4 Bxf3 10. Qxf3 Qxf3 11. gxf3 Nge7 12. 0-0-0 d5 13. h4 h5 14. Ne2 g6 15. Ng3 Rc8 16. c3 Kd7 17. Kb1 Kd6 18. Rhe1 a6 19. Bf1 Na5 20. f4 b5 21. a3 Nf5 22. Nxf5+ gxf5 23. Be2 Nc6 24. Rg1 Ne7 25. Rg7 Rcf8 26. Rdg1 Ng6 27. Rg5 Nxf4 28. Bf3 Ke7 29. Kc1 Kf6 0-1

[Event "Titled Tuesday intern op 16th Jan Early"]
[Site "Chess.com INT"]
[Date "2024.01.16"]
[Round "9"]
[White "Kostiukov, Alexandr"]
[Black "Kabanov, Nikolai"]
[Result "1-0"]
[WhiteElo "2271"]
[BlackElo "2434"]
[PlyCount "99"]
[EventDate "2024.01.16"]
[EventType "swiss (blitz)"]
[EventRounds "11"]
[EventCountry "USA"]
[SourceTitle "CBM 218 Extra"]
[Source "ChessBase"]
[SourceDate "2024.03.31"]
[SourceVersion "1"]
[SourceVersionDate "2024.03.31"]
[SourceQuality "1"]

1. g3 d5 2. Bg2 Nf6 3. d3 e6 4. e4 Be7 5. Qe2 a5 6. e5 Nfd7 7. Nf3 a4 8. 0-0 c5 9. c4 d4 10. h4 h6 11. h5 Nc6 12. Na3 Nf8 13. Re1 Nh7 14. Bf4 0-0 15. Rad1 b6 16. Nh2 Bb7 17. Ng4 Kh8 18. Nb5 Ng5 19. Bc1 a3 20. bxa3 Qd7 21. f4 Nh7 22. Be4 Ra5 23. Nh2 Rfa8 24. g4 Nd8 25. Qg2 Bxe4 26. Qxe4 f5 27. exf6 Nxf6 28. Qg6 Qe8 29. f5 Qxg6 30. hxg6 Kg8 31. Nc7 R8a7 32. Nxe6 Nc6 33. g5 hxg5 34. Bxg5 Rxa3 35. Nf3 Rxa2 36. Ne5 Nxe5 37. Rxe5 Ng4 38. Rd5 Bxg5 39. Nxg5 Kf8 40. Re1 Ne3 41. Rd8+ Ke7 42. Rg8 Kf6 43. Ne4+ Kxf5 44. Rf8+ Kxg6 45. Nf2 Rd2 46. Rf3 Raa2 47. Rg3+ Kf7 48. Rf3+ Ke7 49. Rb1 Rdb2 50. Re1 1-0